MARC details
| 000 -LEADER |
| fixed length control field |
02781nam a2200337 a 4500 |
| 008 - FIXED-LENGTH DATA ELEMENTS--GENERAL INFORMATION |
| fixed length control field |
120416s1983 ||||||||||||||||| || u |
| 020 ## - INTERNATIONAL STANDARD BOOK NUMBER |
| International Standard Book Number |
0853234841 |
| 050 ## - LIBRARY OF CONGRESS CALL NUMBER |
| Classification number |
HD 7287.5 Urb |
| 100 ## - MAIN ENTRY--PERSONAL NAME |
| Personal name |
Davidson, F |
| 245 10 - TITLE STATEMENT |
| Title |
Urban projects manual |
| Statement of responsibility, etc. |
edited by F. Davidson |
| 260 ## - PUBLICATION, DISTRIBUTION, ETC. |
| Place of publication, distribution, etc. |
London |
| Name of publisher, distributor, etc. |
Liverpool University Press |
| Date of publication, distribution, etc. |
1983 |
| 350 ## - |
| -- |
0.00 |
| 490 ## - |
| -- |
Liverpool planning manual 1 |
| 650 ## - SUBJECT ADDED ENTRY--TOPICAL TERM |
| Topical term or geographic name entry element |
UNDERDEVELOPED AREAS--HOUSING--PLANNING-- HANDBOOKS, MANUALS, ETC |
| 650 ## - SUBJECT ADDED ENTRY--TOPICAL TERM |
| Topical term or geographic name entry element |
HOUSING |
| 700 ## - ADDED ENTRY--PERSONAL NAME |
| Personal name |
Payne, Geoff |
| 995 ## - |
| -- |
TEXTBOOKS (SBE) |
| -- |
0.00 |
| -- |
2554 |
| -- |
CBU-SCHOOL TEXTBOOK COLLECTIONS |
| -- |
1 |
| -- |
0.00 |
| -- |
SCHOOL TEXTBOOK |
| -- |
14 |
| -- |
AVAILABLE |
| -- |
Nov 10, 2008 |
| -- |
2554 |
| -- |
School Collections |
| 995 ## - |
| -- |
TEXTBOOKS (SBE) |
| -- |
0.00 |
| -- |
2547 |
| -- |
CBU-SCHOOL TEXTBOOK COLLECTIONS |
| -- |
1 |
| -- |
0.00 |
| -- |
SCHOOL TEXTBOOK |
| -- |
8 |
| -- |
AVAILABLE |
| -- |
Nov 10, 2008 |
| -- |
2547 |
| -- |
School Collections |
| 995 ## - |
| -- |
TEXTBOOKS (SBE) |
| -- |
0.00 |
| -- |
2548 |
| -- |
CBU-SCHOOL TEXTBOOK COLLECTIONS |
| -- |
1 |
| -- |
0.00 |
| -- |
SCHOOL TEXTBOOK |
| -- |
9 |
| -- |
AVAILABLE |
| -- |
Nov 10, 2008 |
| -- |
2548 |
| -- |
School Collections |
| 995 ## - |
| -- |
TEXTBOOKS (SBE) |
| -- |
0.00 |
| -- |
2545 |
| -- |
CBU-SCHOOL TEXTBOOK COLLECTIONS |
| -- |
1 |
| -- |
0.00 |
| -- |
SCHOOL TEXTBOOK |
| -- |
6 |
| -- |
AVAILABLE |
| -- |
Nov 10, 2008 |
| -- |
2545 |
| -- |
School Collections |
| 995 ## - |
| -- |
MAIN LIBRARY OPEN ACCESS |
| -- |
0.00 |
| -- |
707099 |
| -- |
CBU-MAIN LIBRARY (Kitwe) |
| -- |
3 |
| -- |
10.00 |
| -- |
HD 7287.5 Urb |
| -- |
3 |
| -- |
AVAILABLE |
| -- |
004356 |
| -- |
Main Library Open Access Collection |
| 995 ## - |
| -- |
TEXTBOOKS (SBE) |
| -- |
0.00 |
| -- |
2551 |
| -- |
CBU-SCHOOL TEXTBOOK COLLECTIONS |
| -- |
1 |
| -- |
0.00 |
| -- |
SCHOOL TEXTBOOK |
| -- |
12 |
| -- |
AVAILABLE |
| -- |
Nov 10, 2008 |
| -- |
2551 |
| -- |
School Collections |
| 995 ## - |
| -- |
MAIN LIBRARY OPEN ACCESS |
| -- |
0.00 |
| -- |
737418 |
| -- |
CBU-MAIN LIBRARY (Kitwe) |
| -- |
1 |
| -- |
0.00 |
| -- |
HD 7287.5 Urb |
| -- |
4 |
| -- |
AVAILABLE |
| -- |
Nov 8, 2006 |
| -- |
52616 |
| -- |
Main Library Open Access Collection |
| 995 ## - |
| -- |
MAIN LIBRARY OPEN ACCESS |
| -- |
0.00 |
| -- |
722776 |
| -- |
CBU-MAIN LIBRARY (Kitwe) |
| -- |
1 |
| -- |
10.00 |
| -- |
HD 7287.5 Urb |
| -- |
1 |
| -- |
AVAILABLE |
| -- |
Jul 17, 2006 |
| -- |
004358 |
| -- |
Main Library Open Access Collection |
| 995 ## - |
| -- |
MAIN LIBRARY OPEN ACCESS |
| -- |
0.00 |
| -- |
713018 |
| -- |
CBU-MAIN LIBRARY (Kitwe) |
| -- |
2 |
| -- |
10.00 |
| -- |
HD 7287.5 Urb |
| -- |
2 |
| -- |
AVAILABLE |
| -- |
004357 |
| -- |
Main Library Open Access Collection |
| 995 ## - |
| -- |
TEXTBOOKS (SBE) |
| -- |
0.00 |
| -- |
2550 |
| -- |
CBU-SCHOOL TEXTBOOK COLLECTIONS |
| -- |
1 |
| -- |
0.00 |
| -- |
SCHOOL TEXTBOOK |
| -- |
11 |
| -- |
AVAILABLE |
| -- |
Nov 10, 2008 |
| -- |
2550 |
| -- |
School Collections |
| 995 ## - |
| -- |
TEXTBOOKS (SBE) |
| -- |
0.00 |
| -- |
2546 |
| -- |
CBU-SCHOOL TEXTBOOK COLLECTIONS |
| -- |
1 |
| -- |
0.00 |
| -- |
SCHOOL TEXTBOOK |
| -- |
7 |
| -- |
AVAILABLE |
| -- |
Nov 10, 2008 |
| -- |
2546 |
| -- |
School Collections |
| 995 ## - |
| -- |
TEXTBOOKS (SBE) |
| -- |
0.00 |
| -- |
2543 |
| -- |
CBU-SCHOOL TEXTBOOK COLLECTIONS |
| -- |
1 |
| -- |
0.00 |
| -- |
SCHOOL TEXTBOOK |
| -- |
5 |
| -- |
AVAILABLE |
| -- |
Nov 10, 2008 |
| -- |
2543 |
| -- |
School Collections |
| 995 ## - |
| -- |
TEXTBOOKS (SBE) |
| -- |
0.00 |
| -- |
2553 |
| -- |
CBU-SCHOOL TEXTBOOK COLLECTIONS |
| -- |
1 |
| -- |
0.00 |
| -- |
SCHOOL TEXTBOOK |
| -- |
13 |
| -- |
AVAILABLE |
| -- |
Nov 10, 2008 |
| -- |
2553 |
| -- |
School Collections |
| 995 ## - |
| -- |
TEXTBOOKS (SBE) |
| -- |
0.00 |
| -- |
2549 |
| -- |
CBU-SCHOOL TEXTBOOK COLLECTIONS |
| -- |
1 |
| -- |
0.00 |
| -- |
SCHOOL TEXTBOOK |
| -- |
10 |
| -- |
AVAILABLE |
| -- |
Nov 10, 2008 |
| -- |
2549 |
| -- |
School Collections |
| 999 ## - |
| -- |
78578 |
| -- |
78578 |